000 00661nam a2200133Ia 4500
008 220620s9999||||xx |||||||||||||| ||und||
020 _a9782890000000
245 0 _aOceanobs'19: An Ocean of Opportunity. Volume III
546 _aEnglish[eng]
650 _aOceanObs’19||Ocean observing||innovation||information||integration||interoperability||governance
700 _aLee, Tong||Speich, Sabrina||Lorenzoni, Laura||Chiba, Sanae||Muller-Karger, Frank E.||Dai, Minhan||Kabo-Bah, Amos T.||Siddorn, John||Manley, Justin||Snoussi, Maria||Chai, Fei
856 _uhttps://www.frontiersin.org/research-topics/8224/oceanobs19-an-ocean-of-opportunity
942 _cEB
999 _c23779
_d23779